000 00557nam a2200229Ia 4500
003 OSt
005 20221005130513.0
006 a|||||r|||| 00| 0
007 ta
008 221004b |||||||| |||| 00| 0 eng d
024 _a61675
037 _cTextual
040 _aCRL
_cCRL
_beng
041 _2eng
_aeng
082 _aB63:3, K3
100 _aWeatherburn C E Au.
_9638245
245 0 _aRiemannian geometry
260 _c1963
650 _aGEOMETRY
942 _hB63:3, K3
_cTEXL
_2cc
999 _c1057475
_d1057475